000 00295 a2200133 4500
000 nam a22 7a 4500
100 _aKumar,Amit
110 _aKumar,Amit
245 _aAstanga Vinayasa YogaK
250 _alatest edition
260 _bOxford
_c2025
264 _bOxford
_c2025
942 _cBK
999 _c396235
_d396235